| 000 | 01478 a2200193 4500 | ||
|---|---|---|---|
| 003 | Nust | ||
| 005 | 20221024094650.0 | ||
| 010 | _a 79083285 | ||
| 020 | _a0132471973 | ||
| 040 | _cNust | ||
| 082 | 0 | 0 | _a621.3,DEF |
| 100 | 1 |
_aDe France, J. J. _9101175 |
|
| 245 | 1 | 0 |
_aElectrical fundamentals / _cJ. J. DeFrance. |
| 260 |
_aEnglewood Cliffs, N.J., _bPrentice-Hall _c[1969] |
||
| 300 |
_axviii, 702 p. _billus. _c24 cm. |
||
| 505 | _aElectron Theory (Page-3), Conductance , Resistance and Insulation (Page-14), Calculation of Conductance and Resistance (Page-23), Electrical Units and Their Reaction (Page-31), Electrical Power and Energy (Page-43), Commercial Resistors (Page-60), Series Circuits (Page-80), Parallel Circuits (Page-90), Series – Parallel Circuits (Page-99), Voltage Dividers (Page-112), Primary Cells (Page-120), Secondary Cells (Page-141), Permanent Magnetism (Page-162), Electromagnetism (Page-172), Magnetic- Circuit Calculations (Page-183), Direct – Current Measuring Instrument (Page-202), Method of Measuring Resistance (Page-223), Induced Voltage (Page-238), Self-Inductance and Mutual Inductance (Page-247), Dielectric Circuits and capacitance (Page-274), Direct – Current Generators (Page-306), Direct – Current Motors (Page-318), Kirchhoff’s Laws (Page-327), Network Theory (Page-338), Introduction to Alternating Currents (Page-361), Part.2= Alternating Current (Page-361-638). | ||
| 650 | 0 | _aElectrical engineering. | |
| 942 |
_2ddc _cBK |
||
| 999 |
_c180265 _d180265 |
||